Metallurgical engineering (Record no. 307466)
[ view plain ]
| 000 -LEADER | |
|---|---|
| fixed length control field | 00244 a2200097 4500 |
| 001 - CONTROL NUMBER | |
| control field | 72393 |
| 082 ## - DEWEY DECIMAL CLASSIFICATION NUMBER | |
| Classification number | 669.9 GUP |
| 090 ## - LOCALLY ASSIGNED LC-TYPE CALL NUMBER (OCLC); LOCAL CALL NUMBER (RLIN) | |
| -- | 38831 |
| -- | 38831 |
| 100 ## - MAIN ENTRY--PERSONAL NAME | |
| Personal name | Gupta, O. P. |
| 245 ## - TITLE STATEMENT | |
| Title | Metallurgical engineering |
| Remainder of title | objective type questions and answers |
| 942 ## - ADDED ENTRY ELEMENTS (KOHA) | |
| Institution code [OBSOLETE] | NUST CAE |
| Call number prefix | 669.9 GUP |
| Withdrawn status | Lost status | Damaged status | Not for loan | Collection code | Permanent Location | Current Location | Date acquired | Total Checkouts | Full call number | Barcode | Date last seen | Price effective from | Koha item type |
|---|---|---|---|---|---|---|---|---|---|---|---|---|---|
| College of Aeronautical Engineering (CAE) | College of Aeronautical Engineering (CAE) | 04/03/2017 | 669.9 GUP | CAE73120 | 04/05/2017 | 04/05/2017 | Book |
